Values men live by ; an invitation to religious inquiry.

Bibliographic Details
Main Author: Keeton, Morris T.
Format: Book
Language:English
Published: New York : Abingdon Press, [1960]
Subjects:

MARC

Tag First Indicator Second Indicator Subfields
LEADER 00000cam a2200000 4500
001 in00000058968
005 20151008051011.0
008 750116s1960 eng u
010 |a  60010909  
035 |a (OCoLC)01142353 
035 |9 AAG4904AM 
040 |c IAU  |d TXA  |d UtOrBLW 
049 |a TXAM  |c [406161] 
050 0 0 |a BL48  |b .K387 
082 0 |a 290 
092 |a 290  |b K26v 
100 1 |a Keeton, Morris T. 
245 1 0 |a Values men live by ;  |b an invitation to religious inquiry. 
264 1 |a New York :  |b Abingdon Press,  |c [1960] 
300 |a 224 pages ;  |c 23 cm. 
336 |a text  |b txt  |2 rdacontent 
337 |a unmediated  |b n  |2 rdamedia 
338 |a volume  |b nc  |2 rdacarrier 
504 |a Includes bibliography. 
650 0 |a Religion. 
999 |a MARS 
999 f f |s e2926c1d-c7ec-3034-9eb9-df60b2830c2b  |i 9be800e3-eda9-3f09-98ed-ede8958c1c29  |t 0 
952 f f |p ric  |a Texas A&M University  |b Rellis Campus  |c Joint Library Facility  |d Remote Storage  |t 0  |e BL48 .K387  |h Library of Congress classification  |i unmediated -- volume  |m A14800626544 
998 f f |a BL48 .K387  |t 0  |l Remote Storage